|
|
|
|
| LEADER |
02486nam a2200625 i 4500 |
| 001 |
nkc20223394353 |
| 003 |
CZ PrNK |
| 005 |
20220405133524.0 |
| 007 |
ta |
| 008 |
220203t20212021xr ac e 000 0dcze |
| 015 |
|
|
|a cnb003394353
|
| 020 |
|
|
|a 978-80-244-6005-5
|q (Univerzita Palackého v Olomouci ;
|q vázáno)
|
| 020 |
|
|
|a 978-80-88103-88-2
|q (Muzeum umění Olomouc ;
|q vázáno)
|
| 035 |
|
|
|a (OCoLC)1310111821
|
| 040 |
|
|
|a OLA001
|b cze
|e rda
|
| 041 |
1 |
|
|a cze
|a eng
|h cze
|
| 043 |
|
|
|a e-xr---
|
| 045 |
|
|
|a x3x3
|
| 072 |
|
7 |
|a 77
|x Fotografie. Fotografické postupy
|2 Konspekt
|9 21
|
| 080 |
|
|
|a 77.04
|2 MRF
|
| 080 |
|
|
|a 77.065
|2 MRF
|
| 080 |
|
|
|a (437.3)
|2 MRF
|
| 080 |
|
|
|a (084.12)
|2 MRF
|
| 100 |
1 |
|
|a Kašpařík, Karel,
|d 1899-1968
|7 jn20000401325
|4 pht
|
| 245 |
1 |
0 |
|a Karel Kašpařík /
|c texty Štěpánka Bieleszová, Vladimír Birgus, Lenka Sedláčková ; překlad Tomáš Havlíček
|
| 250 |
|
|
|a 1. vydání
|
| 264 |
|
1 |
|a V Olomouci :
|b Univerzita Palackého :
|b Muzeum umění Olomouc,
|c [2021]
|
| 264 |
|
4 |
|c ©2021
|
| 300 |
|
|
|a 128 stran :
|b ilustrace, portréty ;
|c 20 cm +
|e 1 fotografie (19 x 17 cm)
|
| 336 |
|
|
|a text
|b txt
|2 rdacontent
|
| 336 |
|
|
|a statický obraz
|b sti
|2 rdacontent
|
| 337 |
|
|
|a bez média
|b n
|2 rdamedia
|
| 338 |
|
|
|a svazek
|b nc
|2 rdacarrier
|
| 490 |
1 |
|
|a Olomoučtí fotografové =
|a Olomouc photographers
|
| 500 |
|
|
|a Chronologický přehled
|
| 504 |
|
|
|a Obsahuje bibliografické odkazy
|
| 546 |
|
|
|a Souběžný anglický text
|
| 600 |
1 |
7 |
|a Kašpařík, Karel,
|d 1899-1968
|7 jn20000401325
|2 czenas
|
| 648 |
|
7 |
|a 20. století
|7 ch460558
|2 czenas
|
| 650 |
0 |
7 |
|a umělecká fotografie
|7 ph126879
|z Česko
|y 20. století
|2 czenas
|
| 650 |
0 |
7 |
|a černobílá fotografie
|7 ph166376
|z Česko
|y 20. století
|2 czenas
|
| 650 |
0 |
9 |
|a artistic photography
|z Czechia
|y 20th century
|2 eczenas
|
| 650 |
0 |
9 |
|a black-and-white photography
|z Czechia
|y 20th century
|2 eczenas
|
| 655 |
|
7 |
|a fotografické publikace
|7 fd132276
|2 czenas
|
| 655 |
|
9 |
|a photographical works
|2 eczenas
|
| 700 |
1 |
|
|a Bieleszová, Štěpánka,
|d 1971-
|7 mzk2005279257
|4 aut
|
| 700 |
1 |
|
|a Birgus, Vladimír,
|d 1954-
|7 jk01012141
|4 aut
|
| 700 |
1 |
|
|a Sedláčková, Lenka
|4 aut
|
| 700 |
1 |
|
|a Havlíček, Tomáš,
|d 1973-
|7 jo20221136373
|4 trl
|
| 830 |
|
0 |
|a Olomoučtí fotografové
|0 s
|
| 910 |
2 |
|
|a BOA001
|b 1-1482.429
|
| 990 |
|
|
|a BK
|
| 995 |
|
|
|a 01
|
| 991 |
|
|
|b 202203
|c NOV
|
| 996 |
6 |
|
|b 2610895033
|c 1-1482.429
|l MZK
|r Sklad / do 1 hodiny
|n 0
|p p.v.
|w 001878297
|u 000010
|a 1
|e BOA001
|j MZK50
|s P
|